000 00484nam a2200193Ia 4500
005 20250326125811.0
008 250326s9999 xx 000 0 und d
037 _aTextbook
040 _aFMSL
_beng
_cFMSL
041 _aeng
_2eng
084 _aX:8F N0
_qFMSL
100 _aPickles W
_9127816
245 0 _aAccountancy
_cPickles W
250 _a3
260 _aLondon
_bLondon, E L B S
_c1960
300 _a1419p
942 _cTB
_hX:8F N0
999 _c1279635
_d1279635